College Basketball Player of the Year - Statistics

General Stats
  • This quiz has been taken 98 times
    58 since last reset
  • The average score is 26 of 58
Answer Stats
Year College Answer % Correct
2025 Duke Cooper Flagg
96%
2023 Purdue Zach Edey
94%
2019 Duke Zion Williamson
88%
2018 Villanova Jalen Brunson
81%
2012 Kentucky Anthony Davis
77%
2021 Iowa Luka Garza
75%
2020 Dayton Obi Toppin
75%
2002 Duke Jason Williams
73%
1984 North Carolina Michael Jordan
73%
1991 LSU Shaquille O'Neal
73%
2007 Texas Kevin Durant
71%
2009 Oklahoma Blake Griffin
69%
2015 Wisconsin Frank Kaminsky
69%
1979 Indiana State Larry Bird
67%
1967 UCLA Lew Alcindor
67%
1985 Georgetown Patrick Ewing
65%
1997 Wake Forest Tim Duncan
65%
1992 Duke Christian Laettner
63%
2011 BYU Jimmer Fredette
63%
1987 Navy David Robinson
60%
2014 Creighton Doug McDermott
58%
1994 Purdue Glenn Robinson
58%
2022 Kentucky Oscar Tshiebwe
58%
2013 Michigan Trey Burke
56%
2006 Duke JJ Redick
50%
2008 North Carolina Tyler Hansbrough
50%
1972 UCLA Bill Walton
44%
2017 Kansas Frank Mason III
44%
1970 LSU Pete Maravich
44%
1981 Virginia Ralph Sampson
44%
2005 Utah Andrew Bogut
38%
2010 Ohio State Evan Turner
38%
2016 Michigan State Denzel Valentine
37%
2004 Saint Joseph's Jameer Nelson
35%
2001 Duke Shane Battier
35%
2000 Cincinnati Kenyon Martin
33%
1996 UMass Marcus Camby
33%
1971 Notre Dame Austin Carr
29%
1974 NC State David Thompson
29%
1999 Duke Elton Brand
29%
1977 UCLA Marques Johnson
29%
1966 Michigan Cazzie Russell
27%
2003 Xavier David West
21%
1998 North Carolina Antawn Jamison
19%
1965 Princeton Bill Bradley
19%
1993 Indiana Calbert Cheaney
19%
1968 Houston Elvin Hayes
19%
1995 Maryland Joe Smith
19%
1990 La Salle Lionel Simmons
17%
1980 DePaul Mark Aguirre
17%
1961 Ohio State Jerry Lucas
15%
1976 Indiana Scott May
15%
1986 St. John's Walter Berry
13%
1989 Arizona Sean Elliott
12%
1963 Duke Art Heyman
8%
1988 Bradley Hersey Hawkins
8%
1978 Marquette Butch Lee
6%
1964 Ohio State Gary Bradds
6%
No matching quizzes found
Score Distribution
Percent of People with Each Score
Percentile by Number Answered
Your Score History
You have not taken this quiz since the last reset